Normal view MARC view
  • Gelb, Barbara

Entry Personal Name

Number of records used in: 1

001 - CONTROL NUMBER

  • control field: 153911

003 - CONTROL NUMBER IDENTIFIER

  • control field: DLC

005 - DATE AND TIME OF LATEST TRANSACTION

  • control field: 20260424120046.0

008 - FIXED-LENGTH DATA ELEMENTS

  • fixed length control field: 800423n| azannaabn |a aaa

010 ## - LIBRARY OF CONGRESS CONTROL NUMBER

  • LC control number: n 50018266

024 7# - OTHER STANDARD IDENTIFIER

  • Standard number or code: Q28738852
  • Source of number or code: wikidata

035 ## - SYSTEM CONTROL NUMBER

  • System control number: (OCoLC)oca00053708

040 ## - CATALOGING SOURCE

  • Original cataloging agency: DLC
  • Language of cataloging: eng
  • Description conventions: rda
  • Transcribing agency: DLC
  • Modifying agency: Uk
  • Modifying agency: IEN
  • Modifying agency: OkU
  • Modifying agency: WaU
  • Modifying agency: InU

046 ## - SPECIAL CODED DATES

  • Birth date: 1926-02-06
  • Death date: 2017-02-09
  • Source of date scheme: edtf

100 1# - HEADING--PERSONAL NAME

  • Personal name: Gelb, Barbara

370 ## - ASSOCIATED PLACE

  • Place of birth: Manhattan (New York, N.Y.)
  • Place of death: Manhattan (New York, N.Y.)
  • Associated country: United States
  • Other associated place: New York (N.Y.)
  • Source of term: naf

372 ## - FIELD OF ACTIVITY

  • Field of activity: Journalism
  • Field of activity: Biography
  • Field of activity: Playwriting
  • Source of term: lcsh

374 ## - OCCUPATION

  • Occupation: Journalists
  • Occupation: Biographers
  • Occupation: Dramatists
  • Source of term: lcsh

374 ## - OCCUPATION

  • Occupation: Playwrights
  • Source of term: lcdgt

377 ## - ASSOCIATED LANGUAGE

  • Language code: eng

400 1# - SEE FROM TRACING--PERSONAL NAME

  • Personal name: Stone, Barbara,
  • Dates associated with a name: 1926-2017

670 ## - SOURCE DATA FOUND

  • Source citation: Her The ABC of natural childbirth, 1954.

670 ## - SOURCE DATA FOUND

  • Source citation: Info. converted from 678, 2012-10-02
  • Information found: (b. 1926)

670 ## - SOURCE DATA FOUND

  • Source citation: Contemporary authors, volumes 1-4, first revision, 1967:
  • Information found: (Barbara Gelb, née Stone, b. Feb. 6, 1926)

670 ## - SOURCE DATA FOUND

  • Source citation: New York times, February 9, 2017:
  • Information found: books (Barbara Gelb, author, playwright and journalist, dies at 91; with her husband, Arthur Gelb, produced the first full-scale biography of the playwright Eugene O'Neill, then followed it decades later with two volumes that reconsidered his life, died on Thursday [February 9] at her home in Manhattan. She was born Barbara Stone on Feb. 6, 1926, into a Manhattan family of some prestige. She and Mr. Gelb married in June 1946. Mrs. Gelb started out at the Times and eventually established a reputation as a freelance reporter, writing profiles of literary and entertainment figures, topical articles, book reviews, and travel and lifestyle articles)
Devinim Yazılım Eğitim Danışmanlık tarafından Koha'nın orjinal sürümü uyarlanarak geliştirilip kurulmuştur.